MARC

Tag First Indicator Second Indicator Subfields
LEADER 00000cam a2200000 a 4500
001 in00000634621
005 20230810121330.0
008 810824s1981 ilua b 001 0 eng
010 |a  80085122  
019 |a 7717494 
020 |a 0256023506 
020 |a 9780256023503 
029 1 |a AU@  |b 000002085492 
029 1 |a DEBBG  |b BV006363814 
029 1 |a AU@  |b 000057940475 
029 1 |a AU@  |b 000073033365 
035 |a (OCoLC)ocm07706267  
035 |a (OCoLC)7706267  |z (OCoLC)7717494 
035 |a (OCoLC)ocm07706267  
040 |a DLC  |b eng  |c DLC  |d MUQ  |d BAKER  |d OCLCG  |d AU@  |d DEBBG  |d OKH  |d YDXCP  |d OCLCO  |d OCLCF  |d OCLCQ  |d WLU  |d OCLCO  |d OCLCA  |d OCL  |d OCLCA  |d CPO  |d OCLCO  |d OCLCA  |d OCLCO  |d OCL 
050 0 0 |a HA29  |b .P5 1981 
060 4 |a HA 29  |b P523s 1981 
082 0 |a 519.5  |2 19 
084 |a QH 231  |2 rvk 
100 1 |a Pfaffenberger, Roger C.,  |d 1943- 
245 1 0 |a Statistical methods for business and economics /  |c Roger C. Pfaffenberger, James H. Patterson. 
250 |a Rev. ed. 
260 |a Homewood, Ill. :  |b R.D. Irwin,  |c 1981. 
300 |a xvii, 828 pages :  |b illustrations ;  |c 25 cm. 
336 |a text  |b txt  |2 rdacontent 
337 |a unmediated  |b n  |2 rdamedia 
338 |a volume  |b nc  |2 rdacarrier 
490 1 |a The Irwin series in quantitative analysis for business 
504 |a Includes bibliographical references and index. 
650 0 |a Social sciences  |x Statistical methods. 
650 0 |a Commercial statistics. 
650 0 |a Economics  |x Statistical methods. 
650 0 |a Statistics. 
650 0 |a Economics. 
650 0 |a Commerce. 
650 2 |a Social Sciences  |x methods 
650 2 |a Economics 
650 2 |a Statistics. 
650 2 |a Commerce 
650 6 |a Sciences sociales  |x Méthodes statistiques. 
650 6 |a Statistique commerciale. 
650 6 |a Économie politique  |x Méthodes statistiques. 
650 6 |a Statistique. 
650 6 |a Économie politique. 
650 6 |a Commerce. 
650 7 |a economics.  |2 aat 
650 7 |a statistics.  |2 aat 
650 7 |a Economics.  |2 fast  |0 (OCoLC)fst00902116 
650 7 |a Commerce.  |2 fast  |0 (OCoLC)fst00869279 
650 7 |a Commercial statistics.  |2 fast  |0 (OCoLC)fst00869640 
650 7 |a Economics  |x Statistical methods.  |2 fast  |0 (OCoLC)fst00902215 
650 7 |a Social sciences  |x Statistical methods.  |2 fast  |0 (OCoLC)fst01122983 
650 7 |a Statistics.  |2 fast  |0 (OCoLC)fst01132103 
650 7 |a Methode  |2 gnd 
650 7 |a Statistik  |2 gnd 
655 2 |a Statistics 
655 7 |a Statistics.  |2 fast  |0 (OCoLC)fst01423727 
655 7 |a Statistics.  |2 lcgft 
655 7 |a Statistiques.  |2 rvmgf 
700 1 |a Patterson, James Herbert,  |d 1943- 
830 0 |a Irwin series in quantitative analysis for business. 
938 |a Baker & Taylor  |b BKTY  |c 40.95  |d 40.95  |i 0256023506  |n 0000344288  |s active 
938 |a YBP Library Services  |b YANK  |n 7730523 
948 |h HELD BY TXA - 153 OTHER HOLDINGS 
994 |a Z0  |b TXA 
999 f f |s ba74f51d-4013-30f8-a505-f6d5adb7a091  |i 086234e1-7355-3487-9787-a343302a08bd  |t 0 
952 f f |p ric  |a Texas A&M University  |b Rellis Campus  |c Joint Library Facility  |d Remote Storage  |t 0  |e HA29 .P5 1981  |h Library of Congress classification  |i unmediated -- volume  |m A14802519549 
998 f f |a HA29 .P5 1981  |t 0  |l Remote Storage